000 00704nam a2200253Ia 4500
003 OSt
005 20221006161005.0
006 a|||||r|||| 00| 0
007 ta
008 221006b |||||||| |||| 00| 0 eng d
020 _a9780824837129
024 _a47,052
037 _cTextual
040 _aEASL
_cEASL
_beng
041 _2eng
_aeng
082 _aV495: 71e6, Q3
100 _aPEARSON Richard
_9456675
245 0 _aAncient ryukyu
_b An archaeogical study of island communities
260 _aHonolulu
_bUniversity of Hawai'i Press
_c2013
300 _a197p.
_ccm.
490 _v KEL
942 _hV495: 71e6, Q3
_cTEXL
_2CC
999 _c1115141
_d1115141